| 000 | 00402nam a22001337a 4500 | ||
|---|---|---|---|
| 020 | _a007336149X | ||
| 040 | _cNUST | ||
| 082 | _a658.521 KHA | ||
| 100 |
_aKhalil, Tarek M _977050 |
||
| 245 |
_aManagement of Technology: _bThe Key to Competitiveness and Wealth Creation |
||
| 260 |
_aBoston: _bMcGraw Hill, _c2000. |
||
| 650 |
_aManagement of Technology.Technology Management _9112456 |
||
| 942 |
_2ddc _cBK |
||
| 999 |
_c594774 _d594774 |
||